000 01251cam a2200337 i 4500
001 41104
003 Mx-PuUPA
005 20260424150303.0
008 140415s2022 mx gr 001 0 spa d
020 _a9786079998370
040 _aMx-PuUPA
_bspa
_cMx-PuUPA
_dMx-PuUPA
_erda
041 0 _aspa
100 1 _aFerrer Santos, Urbano,
_d1948-
_eautor
_913021
245 1 0 _a¿Qué significa ser persona? /
_cUrbano Ferrer
250 _aPrimera edición
264 1 _aCiudad de México :
_bLAMBDA Editorial,
_c2022
300 _a264 páginas ;
_c21 cm
336 _2rdacontent
_atexto
_btxt
337 _2rdamedia
_asin medio
_bn
338 _2rdacarrier
_avolumen
_bnc
490 0 _aFenomenología
650 7 _2armarc
_aAntropología filosófica
650 7 _2armarc
_aFenomenología
650 7 _2armarc
_aPersonalismo (Filosofía)
942 _2ddc
_cLI
_h128
_iF34
999 _c41104
_d41104